| 000 | 00407cam a22001097a 4500 | ||
|---|---|---|---|
| 008 | 180718b1981 xxu||||| |||| 00| 0 eng d | ||
| 082 | _aBA27x5462 H57 | ||
| 100 | _aHimachal Pradesh. Planning and Scheduled Castes Development Departments | ||
| 245 | _aSpecial component plan for scheduled castes, annual plan, 1981-82 and sixth five year plan, 1980-85 | ||
| 260 |
_aShimla _bThe author _c1981 |
||
| 300 | _a112+p. | ||
| 999 |
_c489144 _d489144 |
||